Cantos de la Iglesia antigua para la Iglesia de siempre / [por] Luis Nos Muro

Gespeichert in:
Bibliographische Detailangaben
1. Verfasser: Nos Muro, Luis (autor)
Format: Buch
Schlagworte:
Tags: Tag hinzufügen
Keine Tags, Fügen Sie das erste Tag hinzu!

MARC

LEADER 00000nam^a2200000^u^4500
001 000545065
005 20250521000000.0
008 060220s1000^^^^^^^^^^^^r^^^^^000^0^spa^d
009 20260310131341.398
035 |a FMI 000014421 
037 |a Acervo Xavier Clavigero 
096 |a 5.9.3/18/C 
100 |a Nos Muro, Luis  |e (autor) 
245 1 0 |a Cantos de la Iglesia antigua para la Iglesia de siempre / [por] Luis Nos Muro 
264 |a Madrid : Narcea, 1981 
300 |a 136 p. 
336 |a texto  |b txt  |2 rdacontenido 
337 |a sin mediación  |b n  |2 rdamedio 
338 |a volumen  |b nc  |2 rdasoporte 
649 |a XX 
650 |a LITURGIA 
910 |a Fondo Francisco Migoya Covarrubias S.J. 
920 |a Impresos - Libros 
930 |a Fondos Especiales 
905 |a 134 
901 |a SBC01522  |b IT2  |c ESP  |u 20250521 
902 |a https://opac.biblio.iteso.mx/vufind/Record/000545065